Missing Word: Lit's Opening Lines II Quiz Stats

 Plays Quiz Updated Apr 18, 2018

Challenge
Share
Tweet
Embed
Score 0/16 Timer 03:00
0 Plays Today
Opening sentence Missing word % Correct
Call me __.Ishmael
88.1%
In my younger and more vulnerable years my __ gave me some advice that I've been turning over in my mind ever since. father
84.4%
It was a wrong __ that started it, the telephone ringing three times in the dead of night, and the voice on the other end asking for someone he was not. number
65.8%
The __ shone, having no alternative, on the nothing new. sun
65.3%
“To be __ again,” sang Gibreel Farishta tumbling from the heavens, “first you have to die.” born
57.3%
Lolita, light of my life, fire of my __.loins
56.8%
You better not never tell nobody but __.God
49.5%
I had the story, bit by bit, from various __, and, as generally happens in such cases, each time it was a different story.people
45%
Opening sentence Missing word % Correct
It was a __ to burn.pleasure
36%
Mr. Jones, of the Manor Farm, had locked the hen-houses for the night, but was too __ to remember to shut the popholes.drunk
33.1%
Whether I shall turn out to be the __ of my own life, or whether that station will be held by anybody else, these pages must show.hero
27.7%
As Gregor Samsa awoke one morning from uneasy dreams he found himself __ in his bed into a gigantic insect.transformed
25.1%
Through the __, between the curling flower spaces, I could see them hitting. fence
19%
__ at a distance have every man's wish on board. Ships
16.4%
You don't know about me without you have read a book by the name of The Adventures of Tom Sawyer; but that ain't no __.matter
14.1%
There was a boy called Eustace Clarence Scrubb, and he almost __ it.deserved
11.6%

Today's Daily Dose

Missing Word
Entertainment 'M'

Word Ladder
North Carolina

On This Day
January 16th II

You're not logged in!

Compare scores with friends on all Sporcle quizzes.
OR
Log In

You Might Also Like...

Show Comments

Extras

Top Quizzes Today


Score Distribution

Your Account Isn't Verified!

In order to create a playlist on Sporcle, you need to verify the email address you used during registration. Go to your Sporcle Settings to finish the process.

Report this User

Report this user for behavior that violates our Community Guidelines.

Details: